000 01550cam a2200433 i 4500
001 39784
003 KOSZ 005
005 20221129124545.0
008 980713s1996 pl a f f |000 0 pol
015 _aPB 1997/635
020 _a8301121491
040 _aWA N
_cWA N
_dKOSZ 005/HR
080 _a519.8
080 _a(075.8)
245 0 0 _aBadania operacyjne w przykładach i zadaniach /
_cpod red. Karola Kukuły ; Zbigniew Jędrzejczyk, Karol Kukuła, Jerzy Skrzypek, Anna Walkosz
250 _aWyd. 2 popr. i rozsz.
260 _aWarszawa :
_bWydaw. Naukowe PWN,
_c1996.
300 _a257, [2] s. :
_brys., wykr. ;
_c24 cm.
336 _2rdacontent
_aTekst
_btxt
337 _2rdamedia
_aBez urządzenia pośredniczącego
_bn
338 _2rdacarrier
_aWolumin
_bnc
380 _aKsiążki
380 _aPublikacje dydaktyczne
385 _mPoziom nauczania
_aSzkoły wyższe
388 _a1901-2000
388 _a1989-2000
504 _aBibliogr. s. 256-[258].
650 4 _aBadania operacyjne
655 4 _aPodręczniki akademickie
658 _aMatematyka
658 _aGospodarka, ekonomia, finanse
700 1 _aKukuła, Karol
_d(1948- )
_eAutor
_eRedakcja
700 1 _aJędrzejczyk, Zbigniew
_c(nauki ekonomiczne)
_eAutor
700 1 _aSkrzypek, Jerzy
_eAutor
700 1 _aWalkosz, Anna
_eAutor
710 2 _aWydawnictwo Naukowe PWN
_4pbl.
856 _uhttp://koha.tu.koszalin.pl/cgi-bin/koha/opac-detail.pl?biblionumber=39784
_yKatalog online BPK
942 _2UKD
_cKS
999 _c39784
_d39784